000 006200000a22001810004500
003 MACL
005 20160421114611.0
008 160421b xxu||||| |||| 00| 0 eng d
040 _aMACL
_cMACL
041 _aHindi
082 _a720
100 _aपाण्‍डे बृज मोहन
_953016
245 _aपुरातत्‍तव प्रसंग
_bइतिहास के सन्‍दर्भ में
260 _bस्‍वाति पब्लिकेशन्‍स
_c1992
_aनई दिल्‍ली
350 _a200
650 _aArchitecture
_9259
942 _cHIN
_k720
_2ddc
999 _c20217
_d20217